The man inside ... Landry /

Bibliographic Details
Main Author: St. John, Bob
Format: Book
Language:English
Published: [Waco, Tex.] : Word Books, [1979]
Subjects:

MARC

Tag First Indicator Second Indicator Subfields
LEADER 00000cam a2200000 i 4500
001 in00000016215
005 20190207093350.0
008 800304s1979 txuaf b 00010beng
010 |a  79054907  
020 |a 084990143X :  |c $8.95 
035 |a (OCoLC)05738412 
035 |9 AAA8901AM 
040 |a DLC  |c DLC  |d m.c.  |d TXA  |d UtOrBLW 
043 |a n-us-tx 
049 |a TXAM  |c [A12608439] 
050 0 0 |a GV939.L28  |b S24 
082 0 |a 796.332/092/4  |a B 
100 1 |a St. John, Bob. 
245 1 4 |a The man inside ... Landry /  |c Bob St. John. 
264 1 |a [Waco, Tex.] :  |b Word Books,  |c [1979] 
264 4 |c ©1979 
300 |a 251 pages, 1 unnumbered leaf of plates :  |b illustrations ;  |c 23 cm. 
336 |a text  |b txt  |2 rdacontent 
337 |a unmediated  |b n  |2 rdamedia 
338 |a volume  |b nc  |2 rdacarrier 
500 |a The Cushing Library/Chapman Texas Collection copy is part of the Floyd & Louise Chapman Texas & Borderlands Collection.  |5 TXA 
504 |a Bibliography: page 251. 
600 1 0 |a Landry, Tom. 
650 0 |a Football coaches  |x Biography. 
610 2 0 |a Dallas Cowboys (Football team) 
999 |a MARS 
999 f f |s a73f4388-b7b7-3edb-a66c-68aa97f4c91a  |i bf4bcd18-f3b8-3c70-b2ad-efd942da5918  |t 0 
952 f f |p ric  |a Texas A&M University  |b Rellis Campus  |c Joint Library Facility  |d Remote Storage  |t 0  |e GV939.L28 S24  |h Library of Congress classification  |i unmediated -- volume  |m A14817254633 
952 f f |p noncirc  |a Texas A&M University  |b College Station  |c Cushing Memorial Library & Archives  |d Cushing: Chapman Texas Collection (Does not check out)  |t 0  |e GV939.L28 S24  |h Library of Congress classification  |i unmediated -- volume  |m A14852127035 
998 f f |a GV939.L28 S24  |t 0  |l Cushing: Chapman Texas Collection (Does not check out) 
998 f f |a GV939.L28 S24  |t 0  |l Remote Storage